| 000 | 00785cam a2200217 4500 | ||
|---|---|---|---|
| 001 | ABS60718 | ||
| 008 | 000000n1999 000 0 eng u | ||
| 035 | _a(Sirsi) u101203 | ||
| 110 |
_aDavis Langdon and Everest _91155 |
||
| 245 | _aCosts: lifts, stairs, escalators and access equipment. | ||
| 260 | _c1999 | ||
| 490 |
_aAJ Focus _vJune 1999, 41(1) |
||
| 520 | _aIndicative rates for lifts, escalators, stairs and access equipment for installations in commercial projects in outer London in May 1999, based on competitive tenders. | ||
| 650 | _aLIFTS | ||
| 650 | _aBUILT ENVIRONMENT-BUILDING ELEMENTS-COMPLETE BUILDING ELEMENTS-STAIRS | ||
| 650 | _aESCALATORS | ||
| 650 | _aACCESS EQUIPMENT | ||
| 650 | _aCOSTS | ||
| 690 | _aBUILT ENVIRONMENT-BUILDING COSTS | ||
| 942 | _n0 | ||
| 999 |
_c60364 _d60364 |
||